000 00355nam a2200145Ia 4500
008 230917s9999||||xx |||||||||||||| ||und||
040 _e5002193
_aMAIN
041 _aEnglish
082 _a658.421082 R518C
100 _aRitu
245 0 _aChallenges and prospects of women entrepreneurship in Haryana
260 _c2021
300 _a235 p.
942 _cBK
999 _c9179
_d9179